000 01572nam a2200385 i 4500
001 26290
003 KOSZ 005
005 20200904140636.0
008 051208s1974 pl a f |000 0 pol
015 _aPB 1974/2448
035 _a(OCoLC)830740714
040 _aWA N
_cWA N
_dKOSZ 005/EC
041 0 _apol
046 _k[1971]
080 _a669.1
080 _a621.74
100 1 _aPodrzucki, Czesław
_d(1924-2011).
_eAutor
245 1 0 _aZarys metalurgii i odlewnictwa żeliwa.
_nCz. 1,
_pStruktura i właściwości żeliwa /
_cCzesław Podrzucki, Adam Kosowski ; Akademia Górniczo-Hutnicza im. S. Staszica w Krakowie. Wydział Odlewnictwa. Instytut Odlewnictwa. Studia dla Pracujących.
260 _aKraków :
_bAGH,
_c1974
_f(Powiel. AGH).
300 _aVI, 295 s. :
_bil., wykr., err. ;
_c24 cm.
380 _aKsiążki.
388 _a1901-2000
388 _a1945-1989
490 1 _aSkrypty Uczelniane / Akademia Górniczo-Hutnicza im. S. Staszica w Krakowie,
_x0239-6114 ;
_vnr 392.
504 _aBibliogr.
655 4 _aPodręczniki akademickie
650 4 _aOdlewnictwo
650 4 _aMetalurgia
650 4 _aŻeliwo
700 1 _aKosowski, Adam.
_eAutor
710 2 _aAkademia Górniczo-Hutnicza im. Stanisława Staszica (Kraków).
_4pbl.
_bWydział Odlewnictwa.
830 0 _aSkrypty Uczelniane - Akademia Górniczo-Hutnicza im. Stanisława Staszica,
_vnr 392.
856 _uhttp://koha.tu.koszalin.pl/cgi-bin/koha/opac-detail.pl?biblionumber=26290
_yKatalog online BPK
942 _2UKD
_cKS
999 _c26290
_d26290